| 000 | 00862cab a2200181 4500 | ||
|---|---|---|---|
| 001 | ##L133422 | ||
| 008 | 060508n2006 000 0 eng u | ||
| 035 | _a(Sirsi) u133422 | ||
| 041 | 0 | _aeng | |
| 100 | 1 | _aSmith, Kristina | |
| 245 | 0 | 0 | _aBye-bye brickie |
| 260 | _c2006 | ||
| 490 | 0 |
_aConstruction Manager _vMay 2006, 17(1) |
|
| 520 | _aReports on Novabrik, a new type of concrete-based brick, which simply hooks over the previous course, with no mortar being required. It has significant labour cost and time advantages over traditional bricks; using Novabriks, an apartment block was constructed in seven weeks by three men, whereas an identical block using bricks and mortar took six men twelve weeks to build. | ||
| 590 | _aIKA090506 | ||
| 690 | _aBUILT ENVIRONMENT-BUILDING MATERIALS-CEMENTITIOUS, CONCRETE AND MINERAL BOUND MATERIALS | ||
| 942 | _n0 | ||
| 999 |
_c76995 _d76995 |
||